<?xml version="1.0" encoding="UTF-8"?>
<collection xmlns="http://www.loc.gov/MARC21/slim">
<record>
  <controlfield tag="001">47178</controlfield>
  <controlfield tag="005">20210723190630.0</controlfield>
  <datafield tag="150" ind1=" " ind2=" ">
    <subfield code="a">Synthesis of New Elements at TASCA</subfield>
    <subfield code="b">Facility: X8</subfield>
    <subfield code="y">ohneJahr</subfield>
  </datafield>
  <datafield tag="450" ind1=" " ind2=" ">
    <subfield code="a">GSI-EXP-U258-ohneJahr</subfield>
    <subfield code="w">d</subfield>
    <subfield code="y">ohneJahr</subfield>
  </datafield>
  <datafield tag="980" ind1=" " ind2=" ">
    <subfield code="a">G</subfield>
  </datafield>
  <datafield tag="980" ind1=" " ind2=" ">
    <subfield code="a">AUTHORITY</subfield>
  </datafield>
  <datafield tag="909" ind1="C" ind2="O">
    <subfield code="o">oai:juser.fz-juelich.de:130311</subfield>
    <subfield code="p">authority:GRANT</subfield>
    <subfield code="p">authority</subfield>
  </datafield>
  <datafield tag="909" ind1="C" ind2="O">
    <subfield code="o">oai:juser.fz-juelich.de:130311</subfield>
  </datafield>
  <datafield tag="024" ind1="7" ind2=" ">
    <subfield code="2">I:(DE-Ds200)20120319OR030</subfield>
    <subfield code="a">G:(DE-Ds200)EXP:GSI-EXP-U258-ohneJahr</subfield>
    <subfield code="d">GSI-EXP-U258-ohneJahr</subfield>
  </datafield>
  <datafield tag="371" ind1=" " ind2=" ">
    <subfield code="a">Düllmann, Christoph E.</subfield>
  </datafield>
  <datafield tag="510" ind1="1" ind2=" ">
    <subfield code="0">I:(DE-Ds200)20121206GSI</subfield>
    <subfield code="a">GSI Helmholtzzentrum für Schwerionenforschung GmbH</subfield>
    <subfield code="b">Research area: nuclear structure</subfield>
    <subfield code="g">GSI</subfield>
  </datafield>
  <datafield tag="035" ind1=" " ind2=" ">
    <subfield code="a">G:(DE-Ds200)EXP:GSI-EXP-U258-ohneJahr</subfield>
  </datafield>
</record>
</collection>